Perspectivas y propuestas de acción para la región oriental de Panamá
Indicadores de la situación actual de la provincia de Darien de Panamá y su aplicación al desarrollo de políticas de planificación, describe la provincia en los aspectos físico, social e institucional, económico y espacial y define los objetivos, metas y estrategias para el desarrollo provincial, pr...
Gespeichert in:
| Körperschaft: | |
|---|---|
| Format: | Text |
| Veröffentlicht: |
Darien:
Ministerio de Planificación y Política Económica
|
| Schlagworte: | |
| Tags: |
Tag hinzufügen
Keine Tags, Fügen Sie den ersten Tag hinzu!
|
MARC
| LEADER | 00000 a a2200000 04500 | ||
|---|---|---|---|
| 001 | 19621 | ||
| 003 | |||
| 040 | |||
| 090 | |a 078200 | ||
| 110 | |a Panamá. Ministerio de Planificación y Política Económica | ||
| 245 | |a Perspectivas y propuestas de acción para la región oriental de Panamá | ||
| 260 | |a Darien: |b Ministerio de Planificación y Política Económica | ||
| 300 | |a 97 p. | ||
| 520 | |a Indicadores de la situación actual de la provincia de Darien de Panamá y su aplicación al desarrollo de políticas de planificación, describe la provincia en los aspectos físico, social e institucional, económico y espacial y define los objetivos, metas y estrategias para el desarrollo provincial, propone acciones a corto plazo mediante programas y proyectos./ALLV | ||
| 650 | |a PLANIFICACION REGIONAL | ||
| 650 | |a PLANIFICACION RURAL | ||
| 650 | |a PLANIFICACION URBANA | ||
| 650 | |a NECESIDADES DE INVERSIONES | ||
| 650 | |a INVERSIONES PUBLICAS | ||
| 999 | |c 13726 |d 13726 | ||
